| 000 | 00569nam a2200229 a 4500 | ||
|---|---|---|---|
| 001 | nice12345678 | ||
| 003 | IN_TiNIC | ||
| 005 | 20260116012354.0 | ||
| 008 | 050524s1983 sina grp 000 0 eng | ||
| 020 |
_a _c100 |
||
| 082 | 0 | 0 |
_a275.1 _bCCA1 |
| 245 | _aAsian Christian Leaders in China | ||
| 260 |
_aSingapur _bChristian Conference India _c1983 |
||
| 300 | _a72p | ||
| 500 | _aincludes index and biblioraphy | ||
| 505 | 2 | _aAppendix | |
| 650 | _aChurch-China | ||
| 710 | 2 | _aChristian Conference of Asia | |
| 902 | _bSRS | ||
| 942 | _cBK | ||
| 999 |
_c6746 _d6746 |
||